Online
Catalog

Darwin / (Record no. 41512)

MARC details
000 -CABECERA
campo de control de longitud fija 01009nam a2200265 a 4500
001 - NÚMERO DE CONTROL
campo de control 000042023
005 - FECHA Y HORA DE LA ÚLTIMA TRANSACCIÓN
campo de control 20201002035906.0
008 - DATOS DE LONGITUD FIJA--INFORMACIÓN GENERAL
campo de control de longitud fija 131107s1984 sp ac 000 0bspa d
020 ## - NÚMERO INTERNACIONAL ESTÁNDAR DEL LIBRO
Número Internacional Estándar del Libro 8434581507
040 ## - FUENTE DE LA CATALOGACIÓN
Centro catalogador/agencia de origen DO-SdBNP
Lengua de catalogación spa
Centro/agencia transcriptor BNPHU
082 ## - NÚMERO DE LA CLASIFICACIÓN DECIMAL DEWEY
Número de clasificación 575
Número de documento/Ítem D228H
100 1# - ENTRADA PRINCIPAL--NOMBRE DE PERSONA
Nombre de persona Huxley, Julian,
Fechas asociadas al nombre 1887-1975.
9 (RLIN) 34543
240 10 - TÍTULO UNIFORME
Título uniforme Charles Darwin and his worid
Lenguaje de la obra spa
245 10 - MENCIÓN DE TÍTULO
Título Darwin /
Mención de responsabilidad, etc. Julian Huxley, H.B.D. Kettlewell; traducción Jesús Fernández Zulaica; prólogo Faustino Cordón.
260 ## - PUBLICACIÓN, DISTRIBUCIÓN, ETC.
Lugar de publicación, distribución, etc. Barcelona :
Nombre del editor, distribuidor, etc. Salvat,
Fecha de publicación, distribución, etc. 1984.
300 ## - DESCRIPCIÓN FÍSICA
Extensión 205 p. :
Otras características físicas il., retrs. ;
Dimensiones 20 cm.
490 1# - MENCIÓN DE SERIE
Mención de serie Biblioteca Salvat de grandes biografías;
Designación de volumen o secuencia 5
500 ## - NOTA GENERAL
Nota general Traducción de: Charles Darwin y su mundo.
504 ## - NOTA DE BIBLIOGRAFÍA, ETC.
Nota de bibliografía, etc. Bibliografía : p. 205
600 14 - PUNTO DE ACCESO ADICIONAL DE MATERIA--NOMBRE DE PERSONA
Nombre de persona DARWIN, CHARLES,
Fechas asociadas al nombre 1809-1882
9 (RLIN) 23703
700 12 - PUNTO DE ACCESO ADICIONAL--NOMBRE DE PERSONA
Nombre de persona Cordón, Faustino
Término indicativo de función/relación pról.
9 (RLIN) 62262
700 12 - PUNTO DE ACCESO ADICIONAL--NOMBRE DE PERSONA
Nombre de persona Fernández Zulaica, Jesús
Término indicativo de función/relación tr.
9 (RLIN) 31144
830 #0 - PUNTO DE ACCESO ADICIONAL DE SERIE-TÍTULO UNIFORME
Título uniforme Biblioteca Salvat de grandes biografías
Número de parte o sección de la obra 5
9 (RLIN) 68974
910 ## - DATOS DE OPCIÓN DEL USUARIO (OCLC)
Datos de opción del usuario Validado. Control de calidad MFFEn proceso
Holdings
Estado de retiro Estado de pérdida Restricciones de uso No para préstamo Código de colección Localización permanente Ubicación/localización actual Ubicación en estantería Fecha de adquisición Número de inventario Total de préstamos Signatura topográfica completa Código de barras Fecha visto por última vez Precio válido a partir de Tipo de ítem Koha
      Excluido de préstamo Monografías: Libros y Folletos General General En catalogación 07.11.2013 LF1   575 D228H 42023-10 25.06.2020 25.06.2020 No se presta

Powered by Koha